Rastislav Biarinec. Kolobeh Považská galéria umenia v Žiline 25.10.-1.12.1996

Bibliographic Details
Corporate Author: Považská galéria umenia (Author)
Other Authors: Mazúr, Milan, 1954- (Curator)
Format: Book
Language:Slovak
English
PhysicalDescription:[16] s. čiernobiele a fareb. fotogr. 21 x 15 cm
Published: Žilina Považská galéria umenia 1996
ISBN:8088730252
Subjects:

MARC

LEADER 00000nam a2200000 a 4500
001 vtls001342730
003 SK-MaSNL
005 20260331203420.0
008 130606s1996 xo o g c 00000dslo
015 |a SNBE1998/03-02274 
020 |a 8088730252 
035 |a SNK000295895 
040 |a SNK  |b slo  |c SNK  |e AACR2 
041 0 |a slo  |a eng 
044 |a xo  |c SK 
080 |a 730.071.1:74.071.1:061.4(083.9)=854=20  |2 1981 
080 |a 74.071.1  |2 1981 
080 |a 069.6.02:73/76  |2 1981 
080 |a 929 Biarinec, Rastislav  |2 1981 
100 1 |a Biarinec, Rastislav,  |d 1968-  |4 art  |4 bkd  |9 235781 
245 1 0 |a Rastislav Biarinec. Kolobeh  |b Považská galéria umenia v Žiline 25.10.-1.12.1996  |c koncepcia výstavy Milan Mazúr ; grafická úprava katalógu Rastislav Biarinec ; fotografie Helena Šišková 
246 1 1 |a Rastislav Biarinec. Circle 
260 |a Žilina  |b Považská galéria umenia  |c 1996 
300 |a [16] s.  |b čiernobiele a fareb. fotogr.  |c 21 x 15 cm 
366 |e 350 výt. 
500 |a Biogr. údaje 
546 |a Súbež. názov a text angl. 
650 0 7 |a sochárstvo  |2 SNKPH  |9 1038 
650 0 7 |a kresba  |2 SNKPH  |9 3076 
650 0 7 |a slovenskí výtvarní umelci  |2 SNKPH  |9 83355 
651 7 |a Žilina (Slovensko : okres)  |2 SNKPH  |9 56327 
655 7 |a katalógy výstav  |2 SNKPH  |9 70445 
700 1 |a Mazúr, Milan,  |d 1954-  |4 cur  |9 212081 
700 1 |a Šišková, Helena,  |d 1954-  |4 bkd  |9 215054 
710 2 |a Považská galéria umenia  |4 aut  |4 orm  |9 253316 
919 |a 80-88730-25-2 
958 |a BX 
999 |c 1062621  |d 1064551 
952 |t P60, <03>, [BOOK], {603}  |a SNK  |b SNK  |y PREZ  |7 0  |p 17A0161891  |o snkOSC 19902  |i snkKSP 8899/98  |0 0  |1 0  |4 0  |d 1998-09-25  |l 0  |r 2005-01-02 00:00:00  |w 2026-02-24